[Event "Novi Sad U20 op"]
[Site "Novi Sad"]
[Date "2007.08.22"]
[Round "6"]
[White "Winkelmann, Elena"]
[Black "Varga, David"]
[Result "0-1"]
[WhiteElo "2162"]
[BlackElo "2257"]
[PlyCount "78"]
[EventDate "2007.08.18"]
[EventType "swiss"]
[EventRounds "9"]
[EventCountry "YUG"]
[SourceTitle "CBM 120 Extra"]
[Source "ChessBase"]
[SourceDate "2007.11.01"]
[SourceVersion "1"]
[SourceVersionDate "2007.11.01"]
[SourceQuality "1"]

1. d4 Nf6 2. c4 e6 3. Nf3 b6 4. a3 Ba6 5. Qc2 Bb7 6. Nc3 c5 7. e4 cxd4 8. Nxd4 Bc5 9. Nb3 Be7 10. f4 d6 11. Be2 Nc6 12. Be3 Rc8 13. Rd1 Qc7 14. 0-0 0-0 15. g4 Rfd8 16. g5 Nd7 17. h4 Nf8 18. f5 Nd7 19. fxe6 fxe6 20. Bg4 Nf8 21. Rxf8+ Rxf8 22. Bxe6+ Kh8 23. Nd5 Qd8 24. Nd4 Ne5 25. b3 Qe8 26. Qe2 Bd8 27. Rf1 b5 28. Bxc8 Bxc8 29. Nxb5 Bg4 30. Qg2 Nf3+ 31. Kh1 Qxe4 32. Nxd6 Qe5 33. Bf4 Rxf4 34. Nxf4 Qxf4 35. Nf7+ Kg8 36. Nxd8 Bh5 37. Qf2 Qe4 38. Rc1 Qg4 39. Qg2 Qxh4+ 0-1

[Event "Novi Sad U20 op"]
[Site "Novi Sad"]
[Date "2007.08.21"]
[Round "4"]
[White "Plat, Vojtech"]
[Black "Winkelmann, Elena"]
[Result "1-0"]
[WhiteElo "2279"]
[BlackElo "2162"]
[PlyCount "79"]
[EventDate "2007.08.18"]
[EventType "swiss"]
[EventRounds "9"]
[EventCountry "YUG"]
[SourceTitle "CBM 120 Extra"]
[Source "ChessBase"]
[SourceDate "2007.11.01"]
[SourceVersion "1"]
[SourceVersionDate "2007.11.01"]
[SourceQuality "1"]

1. e4 c5 2. Nf3 e6 3. Nc3 a6 4. d4 cxd4 5. Nxd4 b5 6. g3 Bb7 7. Bg2 d6 8. 0-0 Qc7 9. Re1 Nc6 10. Nxc6 Bxc6 11. Nd5 Qb7 12. Nb4 e5 13. Nxc6 Qxc6 14. c3 Nf6 15. a4 Nd7 16. axb5 Qxb5 17. b4 Qc6 18. Qd3 Be7 19. Bd2 0-0 20. Bf1 f5 21. exf5 d5 22. Rxa6 Rxa6 23. Qxa6 Qxa6 24. Bxa6 e4 25. c4 Ne5 26. Kg2 Nd3 27. Re2 Bxb4 28. cxd5 Bc5 29. Rxe4 Rxf5 30. f4 Nb2 31. Bc8 Rf8 32. Bd7 Rd8 33. Bc6 Kf7 34. Ba5 Rc8 35. Bd7 Ra8 36. Bc7 Nd3 37. Re2 Be7 38. d6 Bf6 39. Bc6 Rc8 40. Bb7 1-0

[Event "Dresden ZMD op"]
[Site "Dresden"]
[Date "2007.07.29"]
[Round "9"]
[White "Winkelmann, Elena"]
[Black "Stanik, Hans"]
[Result "1/2-1/2"]
[WhiteElo "2162"]
[BlackElo "2057"]
[PlyCount "66"]
[EventDate "2007.07.21"]
[EventType "swiss"]
[EventRounds "9"]
[EventCountry "GER"]
[SourceTitle "EXT 2008"]
[Source "ChessBase"]
[SourceDate "2007.11.25"]
[SourceVersion "1"]
[SourceVersionDate "2007.11.25"]
[SourceQuality "1"]

1. c4 e6 2. e4 c5 3. Nf3 Nc6 4. Nc3 d6 5. d3 Nf6 6. Be2 Be7 7. 0-0 0-0 8. d4 cxd4 9. Nxd4 Bd7 10. Nc2 Qc7 11. Be3 Rad8 12. f4 Bc8 13. Qe1 d5 14. e5 Ne8 15. cxd5 exd5 16. Nd4 Nxd4 17. Bxd4 Bc5 18. Qd2 Qb6 19. Rad1 Bxd4+ 20. Qxd4 Qxb2 21. Nxd5 Qxd4+ 22. Rxd4 Kh8 23. Rfd1 Be6 24. g4 g6 25. Bf3 f6 26. Kg2 fxe5 27. fxe5 g5 28. a3 Rc8 29. h3 Rc5 30. R1d2 Rf7 31. Nf6 Nxf6 32. exf6 Rxf6 33. Bxb7 Rf7 1/2-1/2

[Event "Dresden ZMD op"]
[Site "Dresden"]
[Date "2007.07.28"]
[Round "8"]
[White "Schmidt, Georg"]
[Black "Winkelmann, Elena"]
[Result "1-0"]
[WhiteElo "2401"]
[BlackElo "2162"]
[PlyCount "107"]
[EventDate "2007.07.21"]
[EventType "swiss"]
[EventRounds "9"]
[EventCountry "GER"]
[SourceTitle "EXT 2008"]
[Source "ChessBase"]
[SourceDate "2007.11.25"]
[SourceVersion "1"]
[SourceVersionDate "2007.11.25"]
[SourceQuality "1"]

1. e4 c5 2. Nf3 e6 3. d4 cxd4 4. Nxd4 a6 5. Nc3 b5 6. a3 d6 7. Be2 Bb7 8. f4 Nd7 9. Bf3 Qc7 10. f5 e5 11. Nde2 Ngf6 12. g4 h6 13. h4 Nc5 14. Ng3 d5 15. exd5 e4 16. Ngxe4 Ncxe4 17. Nxe4 Nxe4 18. Bxe4 Qg3+ 19. Kf1 Bc5 20. Qf3 Qxf3+ 21. Bxf3 0-0-0 22. Bf4 Bxd5 23. Kg2 Rhe8 24. Rhe1 Bxf3+ 25. Kxf3 Kb7 26. Rxe8 Rxe8 27. Rd1 Kc6 28. h5 f6 29. b4 Bf8 30. Rd3 Ra8 31. Rc3+ Kd5 32. Rc7 a5 33. Bd2 a4 34. Be3 Rb8 35. c3 Re8 36. Bc5 Bxc5 37. Rxc5+ Kd6 38. c4 bxc4 39. Rxc4 Re1 40. b5 Rb1 41. Rxa4 Rxb5 42. Ra7 Ke5 43. Re7+ Kd6 44. Rxg7 Ra5 45. Rg6 Ke5 46. Rxh6 Rxa3+ 47. Ke2 Ra2+ 48. Kd3 Ra3+ 49. Kc2 Ra2+ 50. Kb3 Ra8 51. Rg6 Rb8+ 52. Kc4 Rc8+ 53. Kb5 Rc1 54. h6 1-0

[Event "Dresden ZMD op"]
[Site "Dresden"]
[Date "2007.07.26"]
[Round "6"]
[White "Unger, Franz"]
[Black "Winkelmann, Elena"]
[Result "0-1"]
[WhiteElo "1985"]
[BlackElo "2162"]
[PlyCount "120"]
[EventDate "2007.07.21"]
[EventType "swiss"]
[EventRounds "9"]
[EventCountry "GER"]
[SourceTitle "EXT 2008"]
[Source "ChessBase"]
[SourceDate "2007.11.25"]
[SourceVersion "1"]
[SourceVersionDate "2007.11.25"]
[SourceQuality "1"]

1. e4 e6 2. d4 c5 3. Nf3 cxd4 4. Nxd4 a6 5. Bd3 Bc5 6. Nb3 Ba7 7. c4 d6 8. 0-0 Nc6 9. Nc3 Nf6 10. Re1 e5 11. Be3 Be6 12. Qd2 0-0 13. Rac1 Ne8 14. Nd5 f5 15. Bxa7 Rxa7 16. exf5 Bxf5 17. Be4 Bxe4 18. Rxe4 Nf6 19. Rh4 Nxd5 20. Qxd5+ Kh8 21. Qe4 h6 22. Rc3 Ra8 23. Rch3 Qg5 24. Rg4 Qf5 25. Qxf5 Rxf5 26. Rd3 Rd8 27. Rg6 Rf6 28. Rxf6 gxf6 29. Nc1 Kg7 30. Kf1 Kf7 31. Ne2 Ke6 32. Rh3 d5 33. cxd5+ Rxd5 34. f4 Rd1+ 35. Kf2 Rd2 36. fxe5 Nxe5 37. Rb3 Rxb2 38. Ra3 Ng4+ 39. Kf3 Nxh2+ 40. Kg3 Rxe2 41. Kxh2 Rb2 42. Kg3 Kf5 43. Ra5+ Kg6 44. Kf3 h5 45. g3 f5 46. a3 Kg5 47. Ra4 Rc2 48. Ke3 Rc6 49. Kf2 b5 50. Rb4 Rc4 51. Rb3 Kg4 52. Re3 h4 53. gxh4 Kxh4 54. Re6 Ra4 55. Re3 f4 56. Rd3 Kg4 57. Rc3 a5 58. Rb3 b4 59. axb4 axb4 60. Kf1 f3 0-1

[Event "Dresden ZMD op"]
[Site "Dresden"]
[Date "2007.07.25"]
[Round "5"]
[White "Winkelmann, Elena"]
[Black "Hutschenreiter, Joerg"]
[Result "1/2-1/2"]
[WhiteElo "2162"]
[BlackElo "2001"]
[PlyCount "41"]
[EventDate "2007.07.21"]
[EventType "swiss"]
[EventRounds "9"]
[EventCountry "GER"]
[SourceTitle "EXT 2008"]
[Source "ChessBase"]
[SourceDate "2007.11.25"]
[SourceVersion "1"]
[SourceVersionDate "2007.11.25"]
[SourceQuality "1"]

1. Nf3 d5 2. g3 Nf6 3. Bg2 e6 4. b3 Be7 5. Bb2 b6 6. d3 Bb7 7. Nbd2 0-0 8. c4 c5 9. cxd5 Nxd5 10. 0-0 Bf6 11. Bxf6 Nxf6 12. Qc2 Qe7 13. Qb2 Nc6 14. Nc4 Rfd8 15. Rfd1 Nd4 16. Nxd4 Bxg2 17. Kxg2 cxd4 18. e3 Rd5 19. Rd2 Rad8 20. Rad1 e5 21. f3 1/2-1/2

[Event "Dresden ZMD op"]
[Site "Dresden"]
[Date "2007.07.22"]
[Round "2"]
[White "Guennigmann, Manuel"]
[Black "Winkelmann, Elena"]
[Result "1-0"]
[WhiteElo "1969"]
[BlackElo "2162"]
[PlyCount "77"]
[EventDate "2007.07.21"]
[EventType "swiss"]
[EventRounds "9"]
[EventCountry "GER"]
[SourceTitle "EXT 2008"]
[Source "ChessBase"]
[SourceDate "2007.11.25"]
[SourceVersion "1"]
[SourceVersionDate "2007.11.25"]
[SourceQuality "1"]

1. e4 c5 2. Nf3 d6 3. d4 cxd4 4. Nxd4 Nf6 5. Nc3 a6 6. f3 e5 7. Nb3 h5 8. Be3 Be6 9. Be2 Be7 10. 0-0 Nbd7 11. a4 Rc8 12. a5 h4 13. Qd2 Nh5 14. Nd5 Bxd5 15. exd5 g5 16. c4 f5 17. Rfd1 Kf7 18. c5 f4 19. Bf2 Ndf6 20. c6 bxc6 21. Bxa6 Nxd5 22. Bxc8 Qxc8 23. Rac1 Nhf6 24. Qc2 Nb4 25. Qe2 Qe6 26. Nd2 Ra8 27. Ne4 Nfd5 28. Ra1 Kg7 29. Qc4 Qd7 30. Ra4 Na6 31. Rc1 Nb8 32. a6 Nc7 33. a7 d5 34. axb8Q Rxb8 35. Qxc6 Qxc6 36. Rxc6 dxe4 37. Rxc7 e3 38. Rxe7+ Kf6 39. Rd7 1-0

[Event "Middlesex-Young England"]
[Site "London"]
[Date "2007.07.19"]
[Round "9"]
[White "Fowler, Simon"]
[Black "Winkelmann, Elena"]
[Result "1-0"]
[WhiteElo "2204"]
[BlackElo "2162"]
[PlyCount "137"]
[EventDate "2007.07.09"]
[EventType "schev"]
[EventRounds "9"]
[EventCountry "ENG"]
[SourceTitle "CBM 119 Extra"]
[Source "ChessBase"]
[SourceDate "2007.09.04"]
[SourceVersion "1"]
[SourceVersionDate "2007.09.04"]
[SourceQuality "1"]

1. e4 c5 2. Nf3 e6 3. b3 Nc6 4. Bb2 d6 5. d4 cxd4 6. Nxd4 Nf6 7. Bd3 e5 8. Nxc6 bxc6 9. 0-0 Be7 10. c4 0-0 11. Nd2 Ne8 12. c5 f6 13. f4 exf4 14. Rxf4 d5 15. exd5 Bxc5+ 16. Kh1 Be3 17. Qh5 f5 18. Rxf5 Bxf5 19. Bxf5 Rxf5 20. Qxf5 Qxd5 21. Qxd5+ cxd5 22. Nf3 Nf6 23. Re1 Bb6 24. Bd4 Ne4 25. Rc1 h6 26. Kg1 Bxd4+ 27. Nxd4 Kf7 28. Kf1 Kf6 29. Ke2 Re8 30. Rc6+ Ke5 31. Ke3 Nd6 32. Nf3+ Ke6 33. Kd4 Rc8 34. Rxc8 Nxc8 35. Kc5 Ne7 36. b4 g5 37. b5 Nc8 38. Nd4+ Ke5 39. Nc6+ Ke4 40. Nxa7 Nb6 41. Kxb6 d4 42. Ka5 d3 43. b6 d2 44. Nb5 Kd3 45. b7 d1Q 46. b8Q Qd2+ 47. Kb6 Qf2+ 48. Kc7 Qxa2 49. Qd8+ Kc2 50. Qd7 Qa5+ 51. Kb7 Qe1 52. Qc6+ Kb2 53. Qxh6 Qe4+ 54. Qc6 Qh7+ 55. Ka6 Qxh2 56. Qc3+ Ka2 57. Qd2+ Kb3 58. Qc3+ Ka2 59. Qc2+ Ka1 60. Qc1+ Ka2 61. Qxg5 Kb3 62. Qe3+ Kb2 63. g4 Qh7 64. Qc3+ Ka2 65. g5 Qg6+ 66. Qf6 Qe8 67. g6 Qc8+ 68. Ka5 Qa8+ 69. Qa6 1-0

[Event "Middlesex-Young England"]
[Site "London"]
[Date "2007.07.12"]
[Round "4"]
[White "Bennet, William"]
[Black "Winkelmann, Elena"]
[Result "0-1"]
[WhiteElo "2144"]
[BlackElo "2162"]
[PlyCount "126"]
[EventDate "2007.07.09"]
[EventType "schev"]
[EventRounds "9"]
[EventCountry "ENG"]
[SourceTitle "CBM 119 Extra"]
[Source "ChessBase"]
[SourceDate "2007.09.04"]
[SourceVersion "1"]
[SourceVersionDate "2007.09.04"]
[SourceQuality "1"]

1. d4 d5 2. c4 c6 3. Nf3 Nf6 4. e3 a6 5. Nc3 e6 6. Bd3 dxc4 7. Bxc4 b5 8. Bd3 c5 9. 0-0 Bb7 10. dxc5 Bxc5 11. e4 b4 12. Na4 Ba7 13. Qe2 Nbd7 14. b3 e5 15. Bb2 Qe7 16. Rac1 Bb8 17. Rc4 0-0 18. Rfc1 Bd6 19. Nh4 g6 20. g3 Nh5 21. Ng2 Ng7 22. f4 Ne6 23. f5 Nec5 24. Nxc5 Bxc5+ 25. Kh1 f6 26. fxg6 hxg6 27. Qg4 Kh7 28. Bb1 Rac8 29. Rd1 Nb6 30. Rc2 Rfd8 31. Rcd2 Rxd2 32. Rxd2 Rg8 33. h4 Bc8 34. Qd1 Qe6 35. g4 Qxg4 36. Qxg4 Bxg4 37. Kh2 Kg7 38. Kg3 Be6 39. Kf3 Kf7 40. Rc2 Rc8 41. Rc1 a5 42. Bd3 a4 43. Ba6 Rc7 44. a3 axb3 45. axb4 Bd6 46. Rxc7+ Bxc7 47. Bb5 Bc4 48. Bc6 Bd6 49. Ne3 Be6 50. b5 Bc5 51. Nd1 Nc4 52. Bc3 Bd4 53. Bxd4 exd4 54. Bd5 Bxd5 55. exd5 Ke7 56. Ke4 b2 57. Nxb2 Nxb2 58. b6 Nc4 59. b7 Nd6+ 60. Kxd4 Nxb7 61. Ke4 Kd6 62. Kf4 Kxd5 63. h5 gxh5 0-1